000 01001nam a22003137a 4500
003 CHAP
005 20220329133037.0
008 971013s r 00010 d
010 _a1556
011 _a2528
035 _a1723
040 _cCHAP
090 _aFolleto 20
100 0 0 _aCurtis Patiño, Jorge Francisco.
_930722
245 _aCurso de citología vegetal
_b: el microscopio compuesto
260 _a[Chapingo, Méx.] :
_bUACH. Departamento de Fitotecnia,
_c[198 ?]
300 _a11 p
500 _a42-79
590 _aBATCH-UPD
_b10
_c20130110
_lUCH01
_h1049
590 _aBATCH-UPD
_b10
_c20130410
_lUCH01
_h0646
590 _aBATCH-UPD
_b10
_c20130914
_lUCH01
_h0944
590 _aCONVERSION
_b10
_c20130109
_lUCH01
_h1302
650 1 4 _aCitología e histología vegetales.
_923495
650 1 4 _aMicroscopio y microscopía.
_975536
901 _aBK
942 _cFOLL
949 _aFolleto 20
_bBC
_cFOLL
_d-11215
_eTS1
_i1723
_si
949 _aFolleto 20
_bBC
_cUACH
_d-69545
_eUACH
_fc.2
_i1723
_si
999 _c1556
_d1556